The oxford guide to contemporary writing / (Record no. 134467)
[ view plain ]
| 000 -LEADER | |
|---|---|
| fixed length control field | 00701nam a22002297a 4500 |
| 005 - DATE AND TIME OF LATEST TRANSACTION | |
| control field | 20170124110226.0 |
| 010 ## - LIBRARY OF CONGRESS CONTROL NUMBER | |
| LC control number | A-843633 |
| 020 ## - INTERNATIONAL STANDARD BOOK NUMBER | |
| Terms of availability | 00.00 |
| 035 ## - SYSTEM CONTROL NUMBER | |
| System control number | A-843633 |
| 037 ## - SOURCE OF ACQUISITION | |
| Source of stock number/acquisition | Cen Lib/Ret |
| 040 ## - CATALOGING SOURCE | |
| Original cataloging agency | DPL |
| Language of cataloging | EN |
| 082 ## - DEWEY DECIMAL CLASSIFICATION NUMBER | |
| Classification number | 809.04 |
| Item number | OXF |
| 245 ## - TITLE STATEMENT | |
| Title | The oxford guide to contemporary writing / |
| Statement of responsibility, etc | edited by John Sturrock |
| 260 ## - PUBLICATION, DISTRIBUTION, ETC. (IMPRINT) | |
| Name of publisher, distributor, etc | Oxford University Press |
| Place of publication, distribution, etc | Oxford |
| Date of publication, distribution, etc | 1996 |
| 270 ## - ADDRESS | |
| City | Oxford |
| Address | Walton Street |
| 300 ## - PHYSICAL DESCRIPTION | |
| Extent | x,492p. |
| Dimensions | 24cm(Hb) |
| 500 ## - GENERAL NOTE | |
| General note | Includes index |
| 650 ## - SUBJECT ADDED ENTRY--TOPICAL TERM | |
| Topical term or geographic name as entry element | Literature, Modern -- 20th century -- History and criticism |
| 9 (RLIN) | 40807 |
| 650 ## - SUBJECT ADDED ENTRY--TOPICAL TERM | |
| Topical term or geographic name as entry element | Literature, Modern |
| 9 (RLIN) | 23809 |
| 700 ## - ADDED ENTRY--PERSONAL NAME | |
| Personal name | Sturrock, John |
| 9 (RLIN) | 40808 |
| 942 ## - ADDED ENTRY ELEMENTS (KOHA) | |
| Source of classification or shelving scheme | Dewey Decimal Classification |
| Koha item type | English Books |
| Classification part | 809.04 |
| Call number suffix | OXF |
| Withdrawn status | Lost status | Damaged status | Not for loan | Home library | Current library | Date acquired | Source of acquisition | Cost, normal purchase price | Total Checkouts | Full call number | Barcode | Date last seen | Copy number | Cost, replacement price | Price effective from | Koha item type |
|---|---|---|---|---|---|---|---|---|---|---|---|---|---|---|---|---|
| Central Library | Central Library | 30/07/2015 | Cen Lib/Ret | 0.00 | 809.04 OXF | A-843633 | 30/07/2015 | 1 | 0.00 | 30/07/2015 | English Books |
